History Quiz

Random History or Country Quiz

Nobel Peace Prize Quiz Stats

 Plays Quiz Updated Oct 11, 2019

Score 0/60 Timer 08:00
0 Plays Today
Year Laureate % Correct
1993Nelson Mandela, F.W. de Klerk
70.5%
2009Barack Obama
63.8%
2002Jimmy Carter
56.3%
1994Yasser Arafat, Shimon Peres, Yitzhak Rabin
52.6%
2001United Nations, Kofi Annan
48.8%
1990Mikhail Gorbachev
48.6%
2014Malala Yousafzai, Kailash Satyarthi
47.5%
1989The 14th Dalai Lama
44.5%
2007Intergovernmental Panel on Climate Change, Al Gore
44.4%
2012European Union
44%
1973Henry Kissinger, Lê Ðức Thọ
40%
1964Martin Luther King Jr.
37.3%
1978Anwar al-Sadat, Menachem Begin
36.1%
1983Lech Walesa
34.7%
1979Mother Teresa
31.3%
2011Ellen Johnson Sirleaf, Leymah Gbowee, Tawakkul Karman
31.3%
1984Desmond Tutu
29.5%
2016Juan Manuel Santos
21.1%
1991Aung San Suu Kyi
19.2%
1971Willy Brandt
19%
2019Abiy Ahmed Ali
17.3%
1963International Committee of the Red Cross, League of Red Cross Societies
16.6%
2006Muhammad Yunus, Grameen Bank
15.8%
1965United Nations Children's Fund
14.5%
1957Lester Bowles Pearson
14.1%
1961Dag Hammarskjöld
13.2%
1997International Campaign to Ban Landmines, Jody Williams
13.1%
2018Denis Mukwege, Nadia Murad
12.2%
2005International Atomic Energy Agency, Mohamed ElBaradei
11.8%
1999Médecins Sans Frontières
11.7%
Year Laureate % Correct
1992Rigoberta Menchú Tum
11.5%
1976Betty Williams, Mairead Corrigan
11.1%
2015Tunisian National Dialogue Quartet
10.9%
2013Organization for the Prohibition of Chemical Weapons (OPCW)
10.4%
1977Amnesty International
10.2%
2017International Campaign to Abolish Nuclear Weapons
10.2%
1975Andrei Sakharov
9.9%
1962Linus Pauling
9.3%
1987Óscar Arias Sánchez
9.3%
1998John Hume, David Trimble
9.1%
1986Elie Wiesel
8.9%
2003Shirin Ebadi
8.1%
2008Martti Ahtisaari
7.7%
2000Kim Dae-jung
7.6%
2004Wangari Maathai
7.3%
1981United Nations High Commissioner for Refugees
6.9%
1988United Nations Peacekeeping Forces
6.9%
1996Carlos Filipe Ximenes Belo, José Ramos-Horta
6.8%
2010Liu Xiaobo
6.4%
1974Seán MacBride, Eisaku Sato
6.2%
1970Norman Borlaug
5.8%
1958Georges Pire
5.4%
1959Philip Noel-Baker
5.2%
1960Albert Lutuli
5%
1982Alva Myrdal, Alfonso Garcia Robles
5%
1969International Labour Organization
4.8%
1995Joseph Rotblat, Pugwash Conferences on Science and World Affairs
4.7%
1968René Cassin
4.5%
1980Adolfo Pérez Esquivel
4.4%
1985International Physicians for the Prevention of Nuclear War
3.7%

You're not logged in!

Compare scores with friends on all Sporcle quizzes.
OR
Log In

Sporcle TV

Today on Sporcle TV


Watch our educational content, quiz creation guides, and fun videos on Sporcle TV.

Show Comments

Extras

Top Quizzes Today


Score Distribution

Your Account Isn't Verified!

In order to create a playlist on Sporcle, you need to verify the email address you used during registration. Go to your Sporcle Settings to finish the process.

Report this User

Report this user for behavior that violates our Community Guidelines.

Details: